The Complete farmer, or, General dictionary of agriculture and husbandry (Record no. 113962)

MARC details
000 -LEADER
fixed length control field 00792cam a22001935a 4500
001 - CONTROL NUMBER
control field L155987
008 - FIXED-LENGTH DATA ELEMENTS--GENERAL INFORMATION
fixed length control field 120424s1807 xxk f 000 0 eng d
035 ## - SYSTEM CONTROL NUMBER
System control number (Sirsi) u155987
041 0# - LANGUAGE CODE
Language code of text/sound track or separate title eng
245 04 - TITLE STATEMENT
Title The Complete farmer, or, General dictionary of agriculture and husbandry
250 ## - EDITION STATEMENT
Edition statement 5th ed.
260 ## - PUBLICATION, DISTRIBUTION, ETC.
Place of publication, distribution, etc. London
Name of publisher, distributor, etc. Printed for R. Baldwin
Date of publication, distribution, etc. 1807
300 ## - PHYSICAL DESCRIPTION
Extent 2v
Other physical details ill., maps
Dimensions 27 cm.
520 ## - SUMMARY, ETC.
Summary, etc. "Comprehending the most improved methods of cultivation; the different modes of raising timber, fruit, and other trees; and the modern management of livestock: with description of the most approved implements, machinery and farm-buildings.".
583 ## - ACTION NOTE
Action Condition reviewed
Time/date of action 20120620
Status condition level 4
651 #4 - SUBJECT ADDED ENTRY--GEOGRAPHIC NAME
Geographic name Great Britain
Chronological subdivision 1707-
690 ## - LOCAL SUBJECT ADDED ENTRY--TOPICAL TERM (OCLC, RLIN)
Topical term or geographic name as entry element Rural
9 (RLIN) 6268
942 ## - ADDED ENTRY ELEMENTS (KOHA)
Suppress in OPAC 0
Holdings
Withdrawn status Lost status Source of classification or shelving scheme Damaged status Not for loan Home library Current library Shelving location Date acquired Total Checkouts Full call number Barcode Date last seen Copy number Price effective from Koha item type
    Dewey Decimal Classification     Historic collection Historic collection Historic collection 24/04/2012   QUARTO 1807 COMPLETE VOL. 1 30077926 06/08/2019 1 06/08/2019 Book
          Historic collection Historic collection Historic collection 30/01/2013   AGRICULTURE QUARTO 1807 COMPLETE VOL. 2 30078103 20/08/2025 1 06/08/2019 Book